| 000 | 02618cam a22005297i 4500 | ||
|---|---|---|---|
| 999 |
_c14129 _d14129 |
||
| 001 | 19118890 | ||
| 005 | 20190816103112.0 | ||
| 008 | 160603t20162016ksua bf 000 0 eng d | ||
| 010 | _a 2016943674 | ||
| 020 | _a978-1-942197-25-6 | ||
| 020 | _a194219725X | ||
| 035 | _a(OCoLC)ocn952867545 | ||
| 040 |
_aCASSC _beng _cCASSC _erda _dOCLCO _dYDXCP _dIUL _dOCLCF _dDLC |
||
| 042 | _alccopycat | ||
| 050 | 0 | 0 |
_aRC553.A88 _bA7985 2016 |
| 082 | 0 | 4 |
_aDC 616.92 _2©2016 _bAs69 |
| 100 | 1 |
_aAspy, Ruth, _eauthor. _939185 |
|
| 245 | 1 | 0 |
_aFBA to Z : _bfunctional behavior and intervention plans for individuals with ASD / _cRuth Aspy, Ph.D., Barry G. Grossman, Ph.D., Brenda Smith Myles, Ph.D., and Shawn A. Henry, M.S. |
| 246 | 3 |
_aFunctional behavior assessment to Z : _bfunctional behavior and intervention plans for individuals with autism spectrum disorder |
|
| 246 | 3 | 0 | _aFunctional behavior and intervention plans for individuals with ASD |
| 260 |
_aLenexa, Kansas: _bAAPC Publishing, _c©2016 |
||
| 300 |
_avi, 102 pages : _billustrations ; _c23 cm. |
||
| 500 | _a"Not just another book on traditional FBA approaches!" | ||
| 504 | _aIncludes bibliographical references (pages 75-78) | ||
| 520 | _aIncorporates the characteristics of autism spectrum disorder into the functional behavior assessment process to understand the needs of an individual as a whole.-- | ||
| 650 | 0 |
_aAutism spectrum disorders _xPatients _xBehavior modification. _939186 |
|
| 650 | 0 |
_aAutism spectrum disorders _xTreatment. _939187 |
|
| 650 | 0 |
_aAutistic people _xBehavior modification. _939188 |
|
| 650 | 0 |
_aAutistic children _xBehavior modification. _939189 |
|
| 650 | 0 |
_aYouth with autism spectrum disorders _xBehavior modification. _939190 |
|
| 650 | 0 |
_aBehavioral assessment. _939191 |
|
| 650 | 0 |
_aBehavior modification _vHandbooks, manuals, etc. _939192 |
|
| 650 | 7 |
_aAutism spectrum disorders _xTreatment. _2fast _939187 |
|
| 650 | 7 |
_aAutistic children _xBehavior modification. _2fast _939189 |
|
| 650 | 7 |
_aBehavior modification. _2fast _939193 |
|
| 650 | 7 |
_aBehavioral assessment. _2fast _939191 |
|
| 650 | 7 |
_aYouth with autism spectrum disorders _xBehavior modification. _2fast _939190 |
|
| 655 | 7 |
_aHandbooks and manuals. _2fast _939194 |
|
| 700 | 1 |
_aGrossman, Barry G., _eauthor. _939195 |
|
| 700 | 1 |
_aMyles, Brenda Smith, _eauthor. _939196 |
|
| 700 | 1 |
_aHenry, Shawn A., _eauthor. _939197 |
|
| 365 | _b6,218.00 | ||
| 906 |
_a7 _bcbc _ccopycat _d2 _eepcn _f20 _gy-gencatlg |
||
| 942 |
_2ddc _cDC |
||